Подробности
| 000 -МАРКЕР |
| контрольное поле |
02421nam2a2200325 4500 |
| 001 - ИДЕНТИФИКАТОР ЗАПИСИ |
| контрольное поле |
RU\NLR\BIBL_A\022543675 |
| 005 - ИДЕНТИФИКАТОР ВЕРСИИ |
| контрольное поле |
20250610132132.0 |
| 010 ## - МЕЖДУНАРОДНЫЙ СТАНДАРТНЫЙ НОМЕР КНИГИ (ISBN) |
| Номер (ISBN) |
978-5-907799-19-6 |
| Тираж |
300 |
| 021 ## - НОМЕР ГОСУДАРСТВЕННОЙ РЕГИСТРАЦИИ |
| Код страны |
Российская Федерация |
| Номер |
КН-П-25-015966 |
| Номер Листа государственной регистраци |
КН-П-25-1627 |
| 035 ## - ДРУГИЕ СИСТЕМНЫЕ НОМЕРА |
| Идентификатор записи |
(NLR Aleph) 022543675 |
| 100 ## - ДАННЫЕ ОБЩЕЙ ОБРАБОТКИ |
| Данные общей обработки |
20250519d2024 u y0rusy50 ca |
| 101 0# - ЯЗЫК РЕСУРСА |
| Язык текста, звукозаписи и т.д. |
русский |
| 102 ## - СТРАНА ПУБЛИКАЦИИ ИЛИ ПРОИЗВОДСТВА |
| Страна публикации |
Российская Федерация |
| 105 ## - ПОЛЕ КОДИРОВАННЫХ ДАННЫХ: ТЕКСТОВЫЕ МАТЕРИАЛЫ, МОНОГРАФИЧЕСКИЕ |
| Кодированные данные о монографическом текстовом документе |
а z 100zy |
| 200 0# - ЗАГЛАВИЕ И СВЕДЕНИЯ ОБ ОТВЕТСТВЕННОСТИ |
| Основное заглавие |
Вып. 13 |
| Сведения, относящиеся к заглавию |
сборник статей всероссийской научной конференции (Йошкар-Ола, 22-24 мая 2024 г.) |
| Первые сведения об ответственности |
Министерство науки и высшего образования Российской Федерации, ФГБОУ ВО "Марийский государственный университет", Институт естественных наук и фармации |
| 210 ## - ПУБЛИКАЦИЯ, РАСПРОСТРАНЕНИЕ И ДР. |
| Дата издания, распространения и т.д. |
2024 |
| 215 ## - ФИЗИЧЕСКАЯ ХАРАКТЕРИСТИКА |
| Специфическое обозначение материала и объем |
329 с. |
| Другие сведения о физической характеристике |
ил., табл. |
| 300 ## - ОБЩИЕ ПРИМЕЧАНИЯ |
| Текст примечания |
Общ. загл.: Современные проблемы естественных наук и фармации |
| 320 ## - ПРИМЕЧАНИЯ О НАЛИЧИИ В ДОКУМЕНТЕ БИБЛИОГРАФИИ / УКАЗАТЕЛЯ |
| Текст примечания |
Библиогр. в конце ст. |
| 461 #0 - УРОВЕНЬ НАБОРА |
| Встроенное поле |
001RU\NLR\BIBL_A\011195255 |
| -- |
2001#$aСовременные проблемы медицины и естественных наук$e[материалы конференций$fотв. ред.: О. Л. Воскресенская, проф.]$vВып. 13 |
| Системный номер (АБИС) связанной записи |
11888922 |
| Место публикации |
Йошкар-Ола |
| Дата публикации |
2016- |
| Первые сведения об ответственности |
отв. ред.: О. Л. Воскресенская, проф.] |
| Имя издателя, распространителя и т.д. |
ФГОУ ВО "Марийский государственный университет" |
| Сведения, относящиеся к заглавию |
[материалы конференций |
| Заглавие |
Современные проблемы медицины и естественных наук |
| Номер тома |
Вып. 13 |
| 606 1# - НАИМЕНОВАНИЕ ТЕМЫ КАК ПРЕДМЕТ |
| Наименование темы |
Фармация |
| Формальный подзаголовок |
Съезды, совещания и т.п |
| Системный номер авторитетной/нормативной записи |
894367 |
| Идентификатор авторитетной/нормативной записи |
RU\NLR\AUTH\663802 |
| 686 1# - ИНДЕКСЫ ДРУГИХ КЛАССИФИКАЦИЙ |
| Индекс |
Р282я431(2) |
| 711 12 - НАИМЕНОВАНИЕ ОРГАНИЗАЦИИ - АЛЬТЕРНАТИВНАЯ ОТВЕТСТВЕННОСТЬ |
| Начальный элемент ввода |
"Современные проблемы естественных наук и фармации", всероссийская научная конференция |
| Место проведения временной организации |
Йошкар-Ола |
| Дата проведения временной организации |
2024 |
| Системный номер авторитетной/нормативной записи |
2660033 |
| Идентификатор авторитетной/нормативной записи |
RU\NLR\AUTH\880627665 |
| 712 02 - НАИМЕНОВАНИЕ ОРГАНИЗАЦИИ - ВТОРИЧНАЯ ОТВЕТСТВЕННОСТЬ |
| Код отношения |
Прочие |
| Начальный элемент ввода |
Марийский государственный университет |
| Структурное подразделение |
Институт естественных наук и фармации |
| Идентифицирующий признак |
Йошкар-Ола |
| Системный номер авторитетной/нормативной записи |
780825 |
| Идентификатор авторитетной/нормативной записи |
RU\NLR\AUTH\880556876 |
| 942 ## - ДОПОЛНИТЕЛЬНЫЕ ЭЛЕМЕНТЫ ЗАПИСИ (АБИС) |
| Тип экземпляра АБИС |
Книга |
| 980 ## - КОЛЛЕКЦИЯ |
| Название коллекции |
Национальная библиография |